Wireless personal area networks : performance, interconnections and security with IEEE 802.15.4 (Record no. 11731)

000 -LEADER
fixed length control field 01682cam a2200361 a 4500
001 - CONTROL NUMBER
control field 14960772
005 - DATE AND TIME OF LATEST TRANSACTION
control field 20170105102347.0
008 - FIXED-LENGTH DATA ELEMENTS--GENERAL INFORMATION
fixed length control field 070810s2008 enk b 001 0 eng
010 ## - LIBRARY OF CONGRESS CONTROL NUMBER
LC control number 2007033390
020 ## - INTERNATIONAL STANDARD BOOK NUMBER
International Standard Book Number 9780470518472 (cloth)
020 ## - INTERNATIONAL STANDARD BOOK NUMBER
International Standard Book Number 0470518472 (cloth)
035 ## - SYSTEM CONTROL NUMBER
System control number (OCoLC)ocn164570891
035 ## - SYSTEM CONTROL NUMBER
System control number (OCoLC)164570891
040 ## - CATALOGING SOURCE
Original cataloging agency DLC
Transcribing agency DLC
Modifying agency BAKER
-- BTCTA
-- YDXCP
-- BWKUK
-- DLC
050 00 - LIBRARY OF CONGRESS CALL NUMBER
Classification number TK5103.485
Item number .M575 2008
082 00 - DEWEY DECIMAL CLASSIFICATION NUMBER
Classification number 621.384
Edition number 22
100 1# - MAIN ENTRY--PERSONAL NAME
Personal name Mišić, Jelena.
245 10 - TITLE STATEMENT
Title Wireless personal area networks : performance, interconnections and security with IEEE 802.15.4
Remainder of title performance, interconnections and security with IEEE 802.15.4
Statement of responsibility, etc. Jelena Misic and Vojislav B. Mišić.
260 ## - PUBLICATION, DISTRIBUTION, ETC.
Place of publication, distribution, etc. Chichester, England ;
-- Hoboken, NJ :
Name of publisher, distributor, etc. Wiley,
Date of publication, distribution, etc. c2008.
300 ## - PHYSICAL DESCRIPTION
Extent xxi, 313 p. ;
Dimensions 26 cm.
490 0# - SERIES STATEMENT
Series statement Wiley series on wireless communications and mobile computing
504 ## - BIBLIOGRAPHY, ETC. NOTE
Bibliography, etc. note Includes bibliographical references (p. [303]-309) and index.
650 #0 - SUBJECT ADDED ENTRY--TOPICAL TERM
Topical term or geographic name entry element Personal communication service systems
General subdivision Standards.
650 #0 - SUBJECT ADDED ENTRY--TOPICAL TERM
Topical term or geographic name entry element Wireless LANs.
650 #0 - SUBJECT ADDED ENTRY--TOPICAL TERM
Topical term or geographic name entry element Bluetooth technology.
700 1# - ADDED ENTRY--PERSONAL NAME
Personal name Mišić, Vojislav B.
856 42 - ELECTRONIC LOCATION AND ACCESS
Materials specified Publisher description
Uniform Resource Identifier <a href="http://www.loc.gov/catdir/enhancements/fy0743/2007033390-d.html">http://www.loc.gov/catdir/enhancements/fy0743/2007033390-d.html</a>
856 41 - ELECTRONIC LOCATION AND ACCESS
Materials specified Table of contents only
Uniform Resource Identifier <a href="http://www.loc.gov/catdir/enhancements/fy0743/2007033390-t.html">http://www.loc.gov/catdir/enhancements/fy0743/2007033390-t.html</a>
856 42 - ELECTRONIC LOCATION AND ACCESS
Materials specified Contributor biographical information
Uniform Resource Identifier <a href="http://www.loc.gov/catdir/enhancements/fy0810/2007033390-b.html">http://www.loc.gov/catdir/enhancements/fy0810/2007033390-b.html</a>
906 ## - LOCAL DATA ELEMENT F, LDF (RLIN)
a 7
b cbc
c orignew
d 1
e ecip
f 20
g y-gencatlg
942 ## - ADDED ENTRY ELEMENTS (KOHA)
Source of classification or shelving scheme
Koha item type Book
Holdings
Withdrawn status Lost status Damaged status Not for loan Collection code Permanent Location Current Location Shelving location Date acquired Source of acquisition Cost, normal purchase price Total Checkouts Full call number Barcode Date last seen Price effective from Koha item type
          Central Library (CL) Central Library (CL) General Stacks 04/09/2013 Progressive International Agencies 12084.45   621.384 MIS SEECS012252 04/15/2013 04/15/2013 Book
© 2023 Central Library, National University of Sciences and Technology. All Rights Reserved.